[Event "Krefeld Pfingsten op"]
[Site "Krefeld"]
[Date "2025.06.08"]
[Round "4"]
[White "Homfeldt, Christopher"]
[Black "Huesmann, Thomas"]
[Result "0-1"]
[WhiteElo "1847"]
[BlackElo "2091"]
[PlyCount "39"]
[EventDate "2025.06.06"]
[EventType "swiss"]
[EventRounds "9"]
[EventCountry "GER"]
[SourceTitle "CB24_2025"]
[SourceDate "2025.06.11"]
[SourceVersion "1"]
[SourceVersionDate "2025.06.11"]
[SourceQuality "1"]

1. d4 f5 2. Bg5 d5 3. e3 Nf6 4. Nc3 e6 5. Bd3 Be7 6. f3 c5 7. Bb5+ Kf7 8. Bf1 Nc6 9. Nge2 Qa5 10. Qd2 Bd7 11. Nf4 h6 12. Bxf6 Bxf6 13. dxc5 Qxc5 14. Nd3 Qa5 15. Nb5 Qb6 16. Nf4 Na5 17. c4 Bxb5 18. cxb5 Rhd8 19. Rc1 Nc4 20. Ra1 0-1

[Event "Krefeld Pfingsten op"]
[Site "Krefeld"]
[Date "2025.06.07"]
[Round "2"]
[White "Homfeldt, Christopher"]
[Black "Langner, Jasper"]
[Result "1/2-1/2"]
[WhiteElo "1847"]
[BlackElo "2033"]
[PlyCount "74"]
[EventDate "2025.06.06"]
[EventType "swiss"]
[EventRounds "9"]
[EventCountry "GER"]
[SourceTitle "CB24_2025"]
[SourceDate "2025.06.11"]
[SourceVersion "1"]
[SourceVersionDate "2025.06.11"]
[SourceQuality "1"]

1. d4 d5 2. c4 e6 3. Nc3 Nf6 4. Bg5 Bb4 5. Nf3 Nbd7 6. e3 c5 7. a3 Bxc3+ 8. bxc3 Qa5 9. Qb3 0-0 10. Bd3 b5 11. Qxb5 Qxc3+ 12. Ke2 Rb8 13. Rhc1 Rxb5 14. Rxc3 Rb2+ 15. Ke1 dxc4 16. Rxc4 Ba6 17. Rc2 Rxc2 18. Bxc2 Rc8 19. dxc5 Nxc5 20. Rd1 Nce4 21. Bxe4 Nxe4 22. Rd8+ Rxd8 23. Bxd8 Bb7 24. Nd4 Nd6 25. f3 Nc4 26. Nc2 f5 27. Be7 e5 28. Kf2 Kf7 29. Bc5 a5 30. Ke2 Ba6 31. Kf2 Nb2 32. Bb6 a4 33. Nb4 Bb5 34. Na2 Ke6 35. Nc3 Bc6 36. Ke2 Kd6 37. Ba5 Ke6 1/2-1/2

[Event "GER-ch Net Amateur Gr-B Vor2"]
[Site "Playchess.com INT"]
[Date "2020.04.15"]
[Round "1"]
[White "Homfeldt, Christopher"]
[Black "Udelnov, Valentin"]
[Result "0-1"]
[WhiteElo "1694"]
[BlackElo "1543"]
[PlyCount "70"]
[EventDate "2020.04.15"]
[EventType "swiss (blitz)"]
[EventRounds "9"]
[EventCountry "GER"]
[SourceTitle "CBM 196 Extra"]
[Source "ChessBase"]
[SourceDate "2020.07.31"]
[SourceVersion "1"]
[SourceVersionDate "2020.07.31"]
[SourceQuality "1"]

1. d4 Nf6 2. c4 g6 3. Nf3 Bg7 4. g3 0-0 5. Bg2 d6 6. 0-0 Nc6 7. Nc3 a6 8. e4 Bg4 9. Be3 Nd7 10. h3 Bxf3 11. Bxf3 e5 12. d5 Nd4 13. Bxd4 exd4 14. Ne2 d3 15. Nc3 Ne5 16. Bg2 Nxc4 17. Qxd3 Nxb2 18. Qc2 Nc4 19. f4 Bd4+ 20. Kh2 Ne3 21. Qd3 Nxf1+ 22. Bxf1 Bc5 23. Bg2 Qf6 24. Rf1 Bd4 25. Ne2 Ba7 26. e5 dxe5 27. fxe5 Qxe5 28. Rf4 Rae8 29. Re4 Qd6 30. Rg4 c6 31. Qc4 cxd5 32. Bxd5 Rc8 33. Qd3 Rcd8 34. Nc3 Qc5 35. Ne4 Qg1# 0-1

[Event "GER-ch Net Amateur Gr-B Vor1"]
[Site "Playchess.com INT"]
[Date "2020.04.14"]
[Round "1"]
[White "Guder, Sibylle"]
[Black "Homfeldt, Christopher"]
[Result "1-0"]
[WhiteElo "1582"]
[BlackElo "1707"]
[PlyCount "133"]
[EventDate "2020.04.14"]
[EventType "swiss (blitz)"]
[EventRounds "9"]
[EventCountry "GER"]
[SourceTitle "EXT 2021"]
[Source "ChessBase"]
[SourceDate "2020.10.23"]
[SourceVersion "1"]
[SourceVersionDate "2020.10.23"]
[SourceQuality "1"]

1. Nf3 c5 2. c4 Nc6 3. g3 e6 4. Bg2 Nge7 5. 0-0 g6 6. d4 cxd4 7. Nxd4 Bg7 8. Nb5 d5 9. cxd5 Nxd5 10. e4 Nc7 11. Qxd8+ Kxd8 12. Rd1+ Bd7 13. Nd6 Ke7 14. Nxf7 Rhf8 15. Ng5 h6 16. Nf3 Nb5 17. Nc3 Nxc3 18. bxc3 Bxc3 19. Ba3+ Bb4 20. Bb2 Rf7 21. Rab1 b6 22. Rbc1 Raf8 23. Ne5 Nxe5 24. Bxe5 Bc5 25. Rxc5 bxc5 26. Bd6+ Ke8 27. Bxf8 Rxf8 28. f4 Ke7 29. e5 Rc8 30. Rc1 c4 31. Kf2 Rc5 32. Ke3 Bb5 33. Kd4 Rc7 34. Kc3 Bc6 35. Bxc6 Rxc6 36. Rd1 Ra6 37. Rd2 Ra4 38. Rb2 a5 39. Kd4 Kd7 40. Kc5 c3 41. Rc2 Ra3 42. h4 h5 43. Kb5 Kc7 44. Kc5 Kb7 45. Kd6 Ka6 46. Kxe6 Kb5 47. Kf6 Kc4 48. e6 Kd3 49. Rc1 c2 50. e7 Kd2 51. Rxc2+ Kxc2 52. e8Q Rxg3 53. Qa4+ Kd2 54. Qxa5+ Ke2 55. a4 Kf3 56. Qc3+ Kxf4 57. Qe5+ Kg4 58. Qe4+ Kh3 59. a5 Rg4 60. Qh1+ Kg3 61. a6 Rxh4 62. Qxh4+ Kxh4 63. a7 Kh3 64. a8Q Kh2 65. Kg5 h4 66. Kxh4 g5+ 67. Kxg5 1-0

[Event "GER-ch Net Amateur Gr-B Vor1"]
[Site "Playchess.com INT"]
[Date "2020.04.14"]
[Round "6"]
[White "Homfeldt, Christopher"]
[Black "Lachenmaier, Stefan"]
[Result "0-1"]
[WhiteElo "1702"]
[BlackElo "1683"]
[PlyCount "126"]
[EventDate "2020.04.14"]
[EventType "swiss (blitz)"]
[EventRounds "9"]
[EventCountry "GER"]
[SourceTitle "EXT 2021"]
[Source "ChessBase"]
[SourceDate "2020.10.23"]
[SourceVersion "1"]
[SourceVersionDate "2020.10.23"]
[SourceQuality "1"]

1. e4 e5 2. Nf3 Nc6 3. Bc4 Nf6 4. Ng5 d5 5. exd5 Na5 6. Bb5+ Bd7 7. Qe2 Bd6 8. Bxd7+ Nxd7 9. d4 0-0 10. dxe5 Nxe5 11. 0-0 c6 12. dxc6 Naxc6 13. Rd1 Qe7 14. Nc3 h6 15. Nd5 Qd7 16. Ne4 Rae8 17. Nxd6 Qxd6 18. Be3 Qg6 19. Nf4 Qf5 20. Nd3 Ng4 21. Rf1 Nxe3 22. fxe3 Qe4 23. Rae1 Nd4 24. Qd2 Nc6 25. Rf4 Qe7 26. e4 Rd8 27. Qf2 Ne5 28. Nxe5 Qxe5 29. c3 b6 30. Rf5 Qe6 31. Rf3 Rd7 32. Rfe3 Rfd8 33. R3e2 Qxa2 34. e5 Qe6 35. h3 Rd5 36. Qg3 a5 37. Rf1 Rd2 38. Rxd2 Rxd2 39. Rf6 Qd5 40. Rd6 Rd1+ 41. Kh2 Qb3 42. Rxd1 Qxd1 43. e6 fxe6 44. Qb8+ Kh7 45. Qxb6 Qd5 46. Qf2 Qe4 47. Qf3 Qe5+ 48. Qg3 Qd5 49. Qf4 e5 50. Qc1 e4 51. Qc2 Qd3 52. Qa4 e3 53. Kg3 Qc2 54. Kf3 Qxa4 55. Kxe3 Qb3 56. Kd2 Qxb2+ 57. Kd3 Qb6 58. c4 Qc5 59. Kc3 a4 60. g4 a3 61. Kb3 a2 62. Kxa2 Qxc4+ 63. Kb2 Qe4 0-1

[Event "GER-ch Net blitz qual4"]
[Site "Playchess.com INT"]
[Date "2020.03.23"]
[Round "6"]
[White "Homfeldt, Christopher"]
[Black "Boehme, Markus"]
[Result "0-1"]
[WhiteElo "1824"]
[BlackElo "2114"]
[PlyCount "78"]
[EventDate "2020.03.23"]
[EventType "swiss (blitz)"]
[EventRounds "9"]
[EventCountry "GER"]
[SourceTitle "CBM 195 Extra"]
[Source "ChessBase"]
[SourceDate "2020.05.31"]
[SourceVersion "1"]
[SourceVersionDate "2020.05.31"]
[SourceQuality "1"]

1. d4 Nf6 2. c4 c5 3. d5 b5 4. cxb5 a6 5. bxa6 g6 6. Nc3 Bg7 7. e4 0-0 8. Nf3 Qa5 9. Bd2 Bxa6 10. Bxa6 Qxa6 11. h3 d6 12. Qc2 Nbd7 13. Ne2 Rfb8 14. Bc3 Qc4 15. Nd2 Qa6 16. b3 Ne8 17. Bxg7 Kxg7 18. Nc4 Nb6 19. 0-0 Nxc4 20. bxc4 Rb4 21. Rfc1 Rab8 22. a3 Rb2 23. Qc3+ Kg8 24. Rc2 R2b3 25. Qd2 Rxa3 26. Rxa3 Qxa3 27. Kh2 Nf6 28. Ng3 Qa1 29. Ra2 Qe5 30. f4 Qd4 31. Qxd4 cxd4 32. Rd2 Rb3 33. Rxd4 Re3 34. f5 h5 35. fxg6 fxg6 36. e5 dxe5 37. Rd2 Rxg3 38. Kxg3 Ne4+ 39. Kf3 Nxd2+ 0-1

[Event "GER-ch Net blitz qual3"]
[Site "Playchess.com INT"]
[Date "2020.03.21"]
[Round "8"]
[White "Homfeldt, Christopher"]
[Black "Mueller, Adrian"]
[Result "0-1"]
[WhiteElo "1824"]
[BlackElo "1975"]
[PlyCount "180"]
[EventDate "2020.03.21"]
[EventType "swiss (blitz)"]
[EventRounds "9"]
[EventCountry "GER"]
[SourceTitle "CBM 195 Extra"]
[Source "ChessBase"]
[SourceDate "2020.05.31"]
[SourceVersion "1"]
[SourceVersionDate "2020.05.31"]
[SourceQuality "1"]

1. d4 Nf6 2. c4 e6 3. Nf3 b6 4. g3 Ba6 5. Qc2 c5 6. Bg2 Nc6 7. d5 Nb4 8. Qb3 exd5 9. cxd5 c4 10. Qa4 b5 11. Qd1 Rb8 12. Bf4 d6 13. Nc3 Bb7 14. Nh4 Be7 15. Nf5 0-0 16. Nxe7+ Qxe7 17. 0-0 Ba8 18. a3 Na6 19. e4 Rfe8 20. Re1 Nd7 21. Be3 Nac5 22. Bxc5 Nxc5 23. Qc2 a6 24. Re3 h6 25. Rae1 a5 26. Nb1 Qf6 27. Nc3 b4 28. axb4 axb4 29. Nd1 Na4 30. R1e2 Nb6 31. Rf3 Qd4 32. Rf4 b3 33. Qc1 Qc5 34. Nc3 Nd7 35. Qe3 Qxe3 36. Rxe3 Nc5 37. Bf1 Nd3 38. Bxd3 cxd3 39. Rxd3 Rb4 40. Rff3 Bb7 41. Rfe3 Ra8 42. f3 Ra1+ 43. Rd1 Ra5 44. Kf2 Ba6 45. Ne2 Ra2 46. Rd2 Rc4 47. Rxb3 Kf8 48. Rc3 Rb4 49. Rcc2 Ke7 50. Nc3 Ra1 51. Rd1 Ra5 52. Rb1 Rc5 53. Ke3 Rb3 54. Rbc1 Rc8 55. Kd2 Rcb8 56. Nd1 Kf6 57. Rc3 R3b6 58. Ne3 g6 59. Nd1 R8b7 60. Ke3 g5 61. Rc6 Rb8 62. Rxb6 Rxb6 63. Rc3 Ke7 64. b3 Bb5 65. Kd4 Bd7 66. f4 gxf4 67. gxf4 f6 68. Ne3 h5 69. Nc4 Ra6 70. Rh3 Bxh3 71. e5 fxe5+ 72. fxe5 dxe5+ 73. Nxe5 Bd7 74. Nc4 Ra1 75. Ne3 Ra3 76. Kc4 Ra1 77. b4 Kd6 78. Kd4 Ra4 79. Nc4+ Ke7 80. Kc5 Ra1 81. b5 Bxb5 82. Kxb5 Rh1 83. d6+ Kd7 84. Kc5 Rxh2 85. Nb6+ Kd8 86. Kc6 Rc2+ 87. Kd5 h4 88. Ke6 Re2+ 89. Kf5 h3 90. Nd5 h2 0-1

[Event "GER-ch Net blitz qual2"]
[Site "Playchess.com INT"]
[Date "2020.03.16"]
[Round "9"]
[White "Hein, Ralf"]
[Black "Homfeldt, Christopher"]
[Result "0-1"]
[WhiteElo "2053"]
[BlackElo "1824"]
[PlyCount "66"]
[EventDate "2020.03.16"]
[EventType "swiss (blitz)"]
[EventRounds "9"]
[EventCountry "GER"]
[SourceTitle "CBM 195 Extra"]
[Source "ChessBase"]
[SourceDate "2020.05.31"]
[SourceVersion "1"]
[SourceVersionDate "2020.05.31"]
[SourceQuality "1"]

1. d4 Nf6 2. c4 e6 3. Nc3 d5 4. Bg5 Be7 5. e3 Nbd7 6. Nf3 c6 7. Qc2 h6 8. Bxf6 Nxf6 9. 0-0-0 0-0 10. Ne5 Bd6 11. f4 Nd7 12. Bd3 f5 13. Rhg1 Bxe5 14. dxe5 Nc5 15. g4 Qe7 16. gxf5 exf5 17. cxd5 Nxd3+ 18. Qxd3 cxd5 19. Nxd5 Qf7 20. Rg2 Be6 21. Nc3 Bxa2 22. Rdg1 Be6 23. Qd6 Rfe8 24. Kb1 Rad8 25. Qc5 Rc8 26. Qb4 Re7 27. Rxg7+ Qxg7 28. Rxg7+ Rxg7 29. e4 Rg1+ 30. Kc2 Rg2+ 31. Kd1 fxe4 32. Nxe4 Bg4+ 33. Ke1 Rc1# 0-1

[Event "GER-ch Net blitz qual2"]
[Site "Playchess.com INT"]
[Date "2020.03.16"]
[Round "8"]
[White "Homfeldt, Christopher"]
[Black "Barskij, Alexander"]
[Result "1/2-1/2"]
[WhiteElo "1824"]
[BlackElo "1887"]
[PlyCount "80"]
[EventDate "2020.03.16"]
[EventType "swiss (blitz)"]
[EventRounds "9"]
[EventCountry "GER"]
[SourceTitle "CBM 195 Extra"]
[Source "ChessBase"]
[SourceDate "2020.05.31"]
[SourceVersion "1"]
[SourceVersionDate "2020.05.31"]
[SourceQuality "1"]

1. d4 Nf6 2. c4 g6 3. Nc3 d5 4. cxd5 Nxd5 5. e4 Nxc3 6. bxc3 Bg7 7. Nf3 c5 8. Be2 Nc6 9. d5 Bxc3+ 10. Bd2 Bxa1 11. Qxa1 Nd4 12. Nxd4 cxd4 13. Qxd4 0-0 14. Bh6 f6 15. Bxf8 Kxf8 16. 0-0 e5 17. Qc5+ Qe7 18. Rc1 Qxc5 19. Rxc5 b6 20. Rc7 h5 21. d6 Be6 22. Bb5 Rd8 23. d7 Ke7 24. Rxa7 Bxd7 25. Kf1 Kd6 26. Bxd7 Rxd7 27. Rxd7+ Kxd7 28. Ke2 Kc6 29. Kd3 Kc5 30. Kc3 b5 31. a3 f5 32. f3 h4 33. g4 hxg3 34. hxg3 fxe4 35. fxe4 g5 36. g4 Kc6 37. Kb3 Kb6 38. Kc3 Kc6 39. Kb4 Kb6 40. Kb3 Kc6 1/2-1/2

[Event "GER-ch Net blitz qual2"]
[Site "Playchess.com INT"]
[Date "2020.03.16"]
[Round "2"]
[White "Homfeldt, Christopher"]
[Black "Plum, Paul"]
[Result "0-1"]
[WhiteElo "1824"]
[BlackElo "1790"]
[PlyCount "129"]
[EventDate "2020.03.16"]
[EventType "swiss (blitz)"]
[EventRounds "9"]
[EventCountry "GER"]
[SourceTitle "CBM 195 Extra"]
[Source "ChessBase"]
[SourceDate "2020.05.31"]
[SourceVersion "1"]
[SourceVersionDate "2020.05.31"]
[SourceQuality "1"]

1. d4 Nf6 2. c4 g6 3. Nf3 Bg7 4. g3 0-0 5. Bg2 d6 6. 0-0 Nc6 7. Nc3 Bd7 8. h3 e5 9. d5 Ne7 10. e4 Ne8 11. Nd2 f5 12. Kh2 Nf6 13. f4 exf4 14. Rxf4 Bh6 15. Rf1 Bg7 16. Qb3 Qc8 17. Ne2 Nh5 18. Bf3 Nf6 19. Nf4 g5 20. Ne2 fxe4 21. Bxe4 Bxh3 22. Rf2 Ng4+ 23. Kg1 Rxf2 24. Qd3 Qf8 25. b3 Ng6 26. Bb2 Bxb2 27. Rb1 Bg7 28. Rd1 Re8 29. Nc3 Rxe4 30. Ndxe4 Rg2+ 31. Kh1 Nf2+ 32. Nxf2 Rxf2 33. Ne4 Qf3+ 34. Qxf3 Rxf3 35. Nxg5 Bg4 36. Kg1 Rxg3+ 37. Kf2 Rc3 38. Rg1 Rc2+ 39. Ke3 Bf5 40. Ne6 Bxe6 41. dxe6 Kf8 42. Kd3 Rxa2 43. Rf1+ Ke7 44. Rf7+ Kxe6 45. Rxg7 Ra3 46. Rxh7 Ne5+ 47. Kc2 b6 48. Rxc7 Nd7 49. Kb2 Ra6 50. b4 Ra4 51. Kb3 Ra6 52. b5 Ra5 53. Rc6 Nc5+ 54. Kc3 Ra3+ 55. Kd4 Ra4 56. Kc3 Ra1 57. Rc7 a5 58. Rc6 a4 59. Rxb6 a3 60. Ra6 Nxa6 61. bxa6 Rc1+ 62. Kb3 a2 63. Kxa2 Rxc4 64. a7 Ra4+ 65. Kb3 0-1

[Event "Dortmund Sparkassen op 47th"]
[Site "Dortmund"]
[Date "2019.07.21"]
[Round "9"]
[White "Homfeldt, Christopher"]
[Black "Schriewer, Thomas"]
[Result "1-0"]
[WhiteElo "1848"]
[BlackElo "2004"]
[PlyCount "83"]
[EventDate "2019.07.13"]
[EventType "swiss"]
[EventRounds "9"]
[EventCountry "GER"]
[SourceTitle "EXT 2020"]
[Source "ChessBase"]
[SourceDate "2019.10.17"]
[SourceVersion "1"]
[SourceVersionDate "2019.10.17"]
[SourceQuality "1"]

1. e4 c5 2. Nf3 e6 3. d4 cxd4 4. Nxd4 Nc6 5. Nc3 Qc7 6. Be3 a6 7. Bd3 Nf6 8. 0-0 Be7 9. h3 d6 10. f4 0-0 11. Nde2 b5 12. a3 Re8 13. Ng3 Bf8 14. Qf3 Bb7 15. Qf2 Rac8 16. Kh1 d5 17. e5 Nd7 18. Nce2 g6 19. c3 Na5 20. Nd4 Nc4 21. Bxc4 dxc4 22. Rad1 Nc5 23. Nf3 Nd3 24. Qc2 Red8 25. Ne1 Nxe1 26. Rfxe1 Qc6 27. Bd4 Be7 28. Ne4 a5 29. Qf2 b4 30. axb4 axb4 31. Kh2 Ra8 32. Rd2 Ra2 33. cxb4 Bxb4 34. Nf6+ Kg7 35. Qh4 Rh8 36. Nh5+ gxh5 37. Qf6+ Kg8 38. Qg5+ Kf8 39. Bc5+ Bxc5 40. Rd8+ Qe8 41. Qh6+ Ke7 42. Qf6+ 1-0

[Event "Dortmund Sparkassen op 47th"]
[Site "Dortmund"]
[Date "2019.07.19"]
[Round "7"]
[White "Stock, Tobias W"]
[Black "Homfeldt, Christopher"]
[Result "1-0"]
[WhiteElo "2001"]
[BlackElo "1848"]
[PlyCount "87"]
[EventDate "2019.07.13"]
[EventType "swiss"]
[EventRounds "9"]
[EventCountry "GER"]
[SourceTitle "EXT 2020"]
[Source "ChessBase"]
[SourceDate "2019.10.17"]
[SourceVersion "1"]
[SourceVersionDate "2019.10.17"]
[SourceQuality "1"]

1. d4 Nf6 2. c4 g6 3. Nc3 Bg7 4. e4 d6 5. f3 Nbd7 6. Nh3 0-0 7. Be3 e5 8. d5 a5 9. Nf2 Nh5 10. Nd3 f5 11. Qd2 Ndf6 12. Bg5 f4 13. Bh4 h6 14. Bf2 g5 15. 0-0-0 g4 16. Be2 gxf3 17. gxf3 Nd7 18. c5 b6 19. c6 Ndf6 20. Ne1 Nh7 21. Nc2 Bh3 22. Rdg1 Kh8 23. Be1 Bf6 24. Nd1 Rg8 25. Bf1 Rxg1 26. Rxg1 Bxf1 27. Rxf1 Qe7 28. Rg1 Rg8 29. Rxg8+ Kxg8 30. Qg2+ Qg7 31. Qxg7+ Nxg7 32. Kd2 Kf7 33. Nc3 Ke7 34. Nb5 Ne8 35. b4 axb4 36. Nxb4 Kd8 37. Ke2 Nf8 38. a4 Ng6 39. Na6 Ne7 40. a5 Nc8 41. Nb8 Be7 42. a6 Nf6 43. Bh4 Nxd5 44. Bxe7+ 1-0

[Event "Dortmund Sparkassen op 47th"]
[Site "Dortmund"]
[Date "2019.07.14"]
[Round "2"]
[White "Perkampus, Laurin"]
[Black "Homfeldt, Christopher"]
[Result "1/2-1/2"]
[WhiteElo "2009"]
[BlackElo "1848"]
[PlyCount "47"]
[EventDate "2019.07.13"]
[EventType "swiss"]
[EventRounds "9"]
[EventCountry "GER"]
[SourceTitle "EXT 2020"]
[Source "ChessBase"]
[SourceDate "2019.10.17"]
[SourceVersion "1"]
[SourceVersionDate "2019.10.17"]
[SourceQuality "1"]

1. d4 Nf6 2. c4 g6 3. Nc3 Bg7 4. e4 d6 5. Nf3 0-0 6. Be2 Nbd7 7. h3 c5 8. d5 Ne5 9. Nxe5 dxe5 10. 0-0 Ne8 11. Be3 b6 12. a3 f5 13. f3 f4 14. Bf2 Nd6 15. b4 Nb7 16. Rb1 Bd7 17. d6 e6 18. Nd5 exd5 19. Qxd5+ Rf7 20. Qxb7 Bxh3 21. Qd5 Bxg2 22. Bh4 Qxh4 23. Qxa8+ Bf8 24. Kxg2 1/2-1/2

[Event "Dortmund Sparkassen op 47th"]
[Site "Dortmund"]
[Date "2019.07.13"]
[Round "1"]
[White "Homfeldt, Christopher"]
[Black "Chubakov, Sultan"]
[Result "0-1"]
[WhiteElo "1848"]
[BlackElo "2095"]
[PlyCount "58"]
[EventDate "2019.07.13"]
[EventType "swiss"]
[EventRounds "9"]
[EventCountry "GER"]
[SourceTitle "EXT 2020"]
[Source "ChessBase"]
[SourceDate "2019.10.17"]
[SourceVersion "1"]
[SourceVersionDate "2019.10.17"]
[SourceQuality "1"]

1. e4 c5 2. Nf3 e6 3. d4 cxd4 4. Nxd4 a6 5. Nc3 Qc7 6. Bd3 Nf6 7. 0-0 Nc6 8. Nce2 b5 9. h3 Bb7 10. Qe1 d6 11. Nxc6 Bxc6 12. Nd4 Bb7 13. Kh1 Be7 14. f4 0-0 15. e5 Nd7 16. exd6 Qxd6 17. Nf3 Bf6 18. a4 Nc5 19. Ra3 Nxa4 20. c4 Nc5 21. Qb4 Rfd8 22. Bc2 Ne4 23. Qe1 Qc6 24. Re3 Nd6 25. Qf2 Nxc4 26. Ne5 Bxe5 27. fxe5 Nxe3 28. Qxf7+ Kh8 29. Rf3 Qxc2 0-1

[Event "Dortmund Sparkassen op-A 46th"]
[Site "Dortmund"]
[Date "2018.07.17"]
[Round "4"]
[White "Biermann, Lenhard"]
[Black "Homfeldt, Christopher"]
[Result "1-0"]
[WhiteElo "2051"]
[BlackElo "1818"]
[PlyCount "117"]
[EventDate "2018.07.14"]
[EventType "swiss"]
[EventRounds "9"]
[EventCountry "GER"]
[SourceTitle "CBM 185 Extra"]
[Source "ChessBase"]
[SourceDate "2018.07.29"]
[SourceVersion "1"]
[SourceVersionDate "2018.07.29"]
[SourceQuality "1"]

1. d4 Nf6 2. Nf3 c5 3. c4 cxd4 4. Nxd4 e5 5. Nf3 Nc6 6. g3 d5 7. cxd5 Nxd5 8. Bg2 Bb4+ 9. Nfd2 0-0 10. 0-0 Be6 11. a3 Ba5 12. b4 Bb6 13. Bb2 Nd4 14. e3 Nc6 15. b5 Na5 16. Bxe5 Bxe3 17. fxe3 Nxe3 18. Qe2 Qb6 19. Qf2 Nxf1 20. Qxb6 axb6 21. Kxf1 Nc4 22. Bf4 f6 23. Nxc4 Bxc4+ 24. Kf2 Bxb5 25. Bxb7 Ra7 26. Bd5+ Kh8 27. Nc3 Bd7 28. Bd6 Rc8 29. Bb4 Rac7 30. Rc1 Bc6 31. Be6 Bd7 32. Bd5 Bc6 33. Bc4 Be8 34. Ba6 Ra8 35. Re1 Bg6 36. Bf1 Rac8 37. Re3 Rd8 38. Re2 Bh5 39. Rb2 Rdc8 40. Rc2 Bg6 41. Rd2 Bf7 42. Bh3 Ra8 43. Nd5 Bxd5 44. Rxd5 Rc2+ 45. Kg1 Rc1+ 46. Bf1 h6 47. Rd2 Rac8 48. Kf2 R8c2 49. h4 Rxd2+ 50. Bxd2 Rc2 51. Ke3 Ra2 52. Bb4 Kh7 53. Bd3+ Kh8 54. h5 Rh2 55. g4 Rh3+ 56. Kd4 g5 57. Bf5 Kg7 58. Kc4 Kf7 59. Kb5 1-0

[Event "Dortmund Sparkassen op-B"]
[Site "Dortmund"]
[Date "2015.07.04"]
[Round "8"]
[White "Wortmann, Eric"]
[Black "Homfeldt, Christopher"]
[Result "1/2-1/2"]
[WhiteElo "1579"]
[BlackElo "1416"]
[PlyCount "32"]
[EventDate "2015.06.27"]
[EventType "swiss"]
[EventRounds "9"]
[EventCountry "GER"]
[SourceTitle "CBM 167 Extra"]
[Source "ChessBase"]
[SourceDate "2015.09.14"]
[SourceVersion "1"]
[SourceVersionDate "2015.09.14"]
[SourceQuality "1"]

1. c4 e5 2. g3 Nf6 3. Bg2 c6 4. d4 d6 5. dxe5 Qa5+ 6. Bd2 Qxe5 7. Bc3 Qe7 8. Nd2 Nbd7 9. Ngf3 g6 10. 0-0 Bg7 11. Ng5 0-0 12. e3 d5 13. cxd5 Nxd5 14. Bxg7 Kxg7 15. Ngf3 N7f6 16. Nd4 Rd8 1/2-1/2

[Event "Dortmund Sparkassen op-B"]
[Site "Dortmund"]
[Date "2015.07.02"]
[Round "6"]
[White "Homfeldt, Christopher"]
[Black "Leonard, Timo"]
[Result "1-0"]
[WhiteElo "1416"]
[BlackElo "1590"]
[PlyCount "45"]
[EventDate "2015.06.27"]
[EventType "swiss"]
[EventRounds "9"]
[EventCountry "GER"]
[SourceTitle "CBM 167 Extra"]
[Source "ChessBase"]
[SourceDate "2015.09.14"]
[SourceVersion "1"]
[SourceVersionDate "2015.09.14"]
[SourceQuality "1"]

1. e4 e6 2. d4 d5 3. Nd2 Nf6 4. e5 Nfd7 5. Bd3 c5 6. c3 cxd4 7. cxd4 Nc6 8. Ne2 f6 9. f4 fxe5 10. fxe5 Nxd4 11. 0-0 Bc5 12. Kh1 g6 13. Nxd4 Bxd4 14. Qg4 Qb6 15. Bxg6+ hxg6 16. Qxg6+ Kd8 17. Nf3 Bc5 18. Bg5+ Kc7 19. g4 Bd4 20. Nxd4 Qxd4 21. Qxe6 Qb6 22. Rac1+ Kb8 23. Qxd5 1-0